LEADER 03093nam1 2200613 i 450 001 RMR0006011 005 20251003044342.0 100 $a19930625d1968 ||||0itac50 ba 101 | $aita$cita 102 $ait 181 1$6z01$ai $bxxxe 182 1$6z01$an 183 1$6z01$anc$2RDAcarrier 200 1 $aˆGli ‰archivi dei regi commissari nelle province del Veneto e di Mantova, 1866 210 $aRoma$c[s.n.]$d1968$eRoma$gIstituto grafico tiberino 215 $a2 v.$d25 cm 225 | $aPubblicazioni degli archivi di Stato 300 $aIn testa ai front.: Ministero dell'interno. 410 0$1001CFI0023698$12001 $aPubblicazioni degli archivi di Stato 463 1$1001CSA0030070$12001 $aˆ1: ‰Inventari$v1 463 1$1001CSA0030081$12001 $aˆ2: ‰Documenti$v2 500 11$aˆGli ‰archivi dei regi commissari nelle province del Veneto e di Mantova, 1866$3UBO4867195$9589788 606 $aCommissari regi$xVeneto$x1866$xFonti archivistiche$2FIR$3SBLC033288$9I 606 $aCommissari regi$xMantova$x1866$xFonti archivistiche$2FIR$3SBLC033289$9I 676 $a945$9STORIA. ITALIA$v21 676 $a945.08$9STORIA D'ITALIA. SVILUPPO DEL NAZIONALISMO, 1796-1870$v19 676 $a945.08$9Italia. Storia. 1796-1900$v20 676 $a945.0842$9STORIA D'ITALIA, 1861-1878$v20 686 $aVEN/X5.2$cP0LITICA E CULTURA VENETO$2R 686 $aX03.1$cGUIDE E INVENTARI DI ARCHIVI$2R 696 $aRegi commissari 696 $aRegi commissari 699 $aCommissari regi$yRegi commissari 699 $aCommissari regi$yRegi commissari 801 3$aIT$bIT-000000$c19930625 850 $aIT-BN0095 $aIT-SA0060 $aIT-AV0011 $aIT-NA0043 $aIT-AV0007 $aIT-NA0079 $aIT-NA0120 $aIT-NA0075 $aIT-AV0045 $aIT-CE0162 $aIT-NA0095 $aIT-NA0097 901 $bNAP MV$cQ $nSTORIA LOCALE 901 $bNAP AH$cSALASTUDIO$nEx sala studio, ora secondo piano 901 $bNAP SB$cSAB-CAM $n$ 901 $bNAP PR$cF. CORTESE$n$ 901 $bNAP BN$cF.PONTIERI$nIl Fondo è escluso dal servizio di prestito. La consegna dei documenti è effettuata dall'Ufficio Distribuzione 901 $bNAP AV$cSEZ. M $nSezione Moderna 901 $bNAP 01$cPOZZO LIB.$nVi sono collocati fondi di economia, periodici di ingegneria e scienze, periodici di economia e statistica e altri fondi comprendenti documenti di economia pervenuti in dono. 901 $bNAP BN$cCOLL. $n$ 901 $bNAP SP$cCONS $nSALA CONSULTAZIONE 901 $bNAP 27$cCOLL. $n$ 901 $bNAP AN$cMILITARE $nUbicata in locali distaccati dall?Archivio, a Pizzofalcone. 901 $bNAP BN$cS.C. $n$ 912 $aRMR0006011 950 1$aBiblioteca Centralizzata di Ateneo$bv. 1-2$cv. 1-2$d 01POZZO LIB.ECON MON 5790 967 $m2 977 $a 01$a 27$a AH$a AN$a AV$a BN$a CR$a GE$a MV$a PR$a SB$a SP 996 $aARCHIVI dei regi commissari nelle province del Veneto e di Mantova 1866$9589788 997 $aUNISANNIO